Представление документа в формате RUSMARC

ПолеНазваниеЗначение
  Тип записи a
  Библиографический уровень m
001 Контрольный номер 2bff2dad9daa421b9736fce3f2dcf53e
005 Дата корректировки 20160208093745.6
010 Индекс ISBN __
a ISBN 978-5-394-01974-6
d Цена 365,00
101 Язык документа 0_
a Язык текста rus
102 Страна публикации __
a Страна публикации RU
200 Заглавие и сведения об ответственности 1_
a Заглавие Стратегический менеджмент
b Общее обозначение материала Текст
e Сведения, относящиеся к заглавию Учебник для вузов
f Первые сведения об ответственности А. Н. Фомичев
210 Выходные данные 1_
a Место издания М.
c Издательство Издательско-торговая корпорация "Дашков и К"
d Дата издания 2014
215 Физическое описание __
a Объем 468с.
610 Ключевые слова 0_
a Ключевые слова стратегический менеджмент
a Ключевые слова стратегия предприятия
a Ключевые слова стратегическое управление
a Ключевые слова стратегический маркетинг
a Ключевые слова ситуационный анализ
a Ключевые слова Стратегия внешнеэкономической деятельности
a Ключевые слова стратегия организационного развития
686 Индексы других классификаций __
a Классификационный индекс 65.050(М)
700 Автор _1
a Фамилия Фомичев А. Н.
801 Источник записи _0
a Страна RU
b Организация РУК
g Правила каталогизации PSBO
801 Источник записи _1
a Страна RU
b Организация РУК
g Правила каталогизации PSBO
852 Данные о местонахождении __
i Авторский знак Ф 76
j Шифр хранения 65.050(М)
b Сигла хранения ЧЗ_1
t Номер экземпляра 2
p Инвентарный номер 1800150796
p Инвентарный номер 1800150259
901 Тип документа __
t Тип документа m
937 Технологическая информация __
a Создатель записи (имя) Носкова
938 Служебная информация __
a Название организации Саранский филиал
952 Тип литературы __
b Гриф литературы для ВШ гриф
c Вид литературы учебник